| 000 | 00000nam##2200000za#4500 |
| 001 | 9.608351 |
| 003 | CaOODSP |
| 005 | 20210624213601 |
| 007 | cr ||||||||||| |
| 008 | 150406|2015||||xxc|||||o f|0| 0 fre|d |
| 040 | |aCaOODSP|bfre |
| 043 | |an-cn--- |
| 086 | 1 |aXC27-1/1-412-4F-PDF |
| 110 | 1 |aCanada. |bParlement. |bChambre des communes. |bComité permanent des transports, de l'infrastructure et des collectivités. |
| 245 | 10|aExamen du régime canadien de sécurité des transports : |h[ressource électronique]|ble transport des marchandises dangereuses et les systèmes de gestion de la sécurité / |cLe président, Larry Miller. |
| 260 | |aOttawa - Ontario : |bChambre des communes. |cMars 2015. |
| 300 | |a95p. |
| 490 | 1 |aRapport du Comité permanent des transports, de l'infrastructure et des collectivités|vQuatrième rapport, 41e législature, 2e session |
| 500 | |aDate originale de publication: 2015/03/12 Date de publication: 2015/03/18 |
| 590 | |a15-11|b2015-03-13 |
| 590 | |a15-12|b2015-03-20 |
| 775 | 08|tReview of the Canadian transportation safety regime : |w(CaOODSP)9.581576 |
| 830 | #0|aRapport du Comité permanent des transports, de l'infrastructure et des collectivités ;|vQuatrième rapport, 41e législature, 2e session|w(CaOODSP)9.503511 |
| 856 | 40|ahttp://publications.gc.ca|qPDF|s1.63 Mo|uhttps://publications.gc.ca/collections/collection_2015/parl/xc27-1/XC27-1-1-412-4-fra.pdf|yQuatrième rapport, 41e législature, 2e session |